| 000 | 00434nam a2200181Ia 4500 | ||
|---|---|---|---|
| 001 | 16060 | ||
| 005 | 20260306170241.0 | ||
| 008 | 260306t2008||||xx |||||||||||||| ||und|| | ||
| 041 | _aESP | ||
| 082 |
_a346.6 _bC34L |
||
| 100 |
_aCastillo Freyre, Mario [1964-...] _eAUT |
||
| 245 | 0 | _aLecciones de contratos | |
| 260 | _c2008 | ||
| 300 |
_a125 páginas : _c21 cm. |
||
| 650 | _aGEN | ||
| 654 | _aCDE | ||
| 942 |
_cLIB _dJUS _fJUS _2ddc _n |
||
| 999 |
_c16060 _d16060 |
||